Biện pháp quản lý giáo dục truyền thống văn hóa dân tộc cho học sinh các trường THCS dân tộc nội trú tỉnh Gia Laii

Cơ sở lý luận về quản lý giáo dục truyền thống văn hóa dân tộc cho học sinh THCS. Thực trạng quản lý giáo dục truyền thống văn hóa dân tộc cho học sinh các trường THCS DTNT tỉnh Gia Lai. Các biện pháp quản lý giáo dục truyền thống văn hóa dân tộc cho học sinh các trường THCS DTNT tỉnh Gia Lai.....

Disgrifiad llawn

Wedi'i Gadw mewn:
Manylion Llyfryddiaeth
Prif Awdur: Măng Thắng Lợi
Awduron Eraill: Lê Quang Sơn PGS.TS. (Hướng dẫn)
Fformat: Llyfr
Iaith:Vietnamese
Cyhoeddwyd: Đà Nẵng Đại học Đà Nẵng 2015
Pynciau:
Tagiau: Ychwanegu Tag
Dim Tagiau, Byddwch y cyntaf i dagio'r cofnod hwn!
Thư viện lưu trữ: Mạng thư viện Đại học Đà Nẵng
LEADER 01961nam a2200361 4500
001 000023434
003 19885
005 20151208161249.0
008 151207s2015 viesd
041 |a vie 
082 1 4 |a 373.236  |b MĂ-L 
100 1 |a Măng Thắng Lợi 
245 1 |a Biện pháp quản lý giáo dục truyền thống văn hóa dân tộc cho học sinh các trường THCS dân tộc nội trú tỉnh Gia Laii  |c Măng Thắng Lợi ; Lê Quang Sơn hướng dẫn.  |k Luận văn Thạc sĩ 
260 |a Đà Nẵng  |b Đại học Đà Nẵng  |c 2015 
300 |a 89 tr. ; phụ lục 45 tr.  |c 29 cm.  |e Tóm tắt 
500 |a Luận văn thạc sĩ Quản lý giáo dục. Chuyên ngành: Quản lý giáo dục. Mã số: 60.14.01.14 
520 3 |a Cơ sở lý luận về quản lý giáo dục truyền thống văn hóa dân tộc cho học sinh THCS. Thực trạng quản lý giáo dục truyền thống văn hóa dân tộc cho học sinh các trường THCS DTNT tỉnh Gia Lai. Các biện pháp quản lý giáo dục truyền thống văn hóa dân tộc cho học sinh các trường THCS DTNT tỉnh Gia Lai.. 
650 0 4 |a Giáo dục trung học  |v Luận văn tốt nghiệp  |x Văn hóa truyền thống  |x Quản lý  |z Gia Lai 
653 |a Văn hóa truyền thống 
653 |a Giáo dục trung học 
653 |a Quản lý giáo dục 
653 |a Trường dân tộc nội trú 
700 1 |a Lê Quang Sơn  |c PGS.TS.  |e Hướng dẫn 
OWN |a LSP 
AVA |a UDN50  |b LSP  |d 373.236 MĂ-L  |e available  |t Error 5001 Not defined in file expand_doc_bib_avail.  |f 1  |g 0  |h N  |i 0  |k 1 
999 |a From the UDN01 
AVA |a UDN50  |b LSP  |d 373.236 MĂ-L  |e available  |t Error 5001 Not defined in file expand_doc_bib_avail.  |f 1  |g 0  |h N  |i 0  |k 1 
TYP |a Monograph 
TYP |a Printed language 
980 |a Mạng thư viện Đại học Đà Nẵng